000 00469nam a2200181Ia 4500
005 20250508160253.0
008 008 250505s9999 xx 000 0 hin d
037 _aTextual
040 _aFEDL
_beng
_cFEDL
041 _ahin
_2eng
084 _aB, GAN
_qFEDL
245 0 _aBahurupi gandhi
245 0 _cNational Council of Educational Research and Training
260 _c1971
300 _a141p.
942 _cTEXL
_hB, GAN
999 _c1363278
_d1363278